Statistiques concernant Animes mais description foireuse

Cliquez ici pour prendre le quiz!

Statistiques générales

  • Ce quiz a été pris 1 179 fois
  • Le résultat moyen est 20 sur 35

Statistiques - réponses

HintRéponse% Correct
un monde ou manger des fruits ca t'empêche de savoir nagerOne piece
98%
7 boules et un vieux dragon vert te donne un souhaitDragon ball
92%
un enfant blond rejeté par la société a cause d une marque sur le ventreNaruto
89%
Le seul poulpe qui mérite mon amourAssassination Classroom
88%
De la main droite je prends une chips musique dramatique et je tue tous les criminelsDeath note
86%
Les mexicains se révoltent et cassent le mur qui protège l'humanité pour les grailleSnk
86%
Palmarès un poing et il gagneOne punch man
85%
Mange des doigts pour devenir plus fort ca marche plutôt bienJujutsu kaisen
84%
La cuisine ca a changéFood wars
82%
Pouvoir de l'amitié et magieFairy tail
80%
Un daron est parti chercher du lait donc le gamin fait équipe avec un mec avec des chaines un assassin et un mec sympaHunter x hunter
78%
jamais vu une tronçonneuse faire ca persoChainsaw man
75%
Le mec passe plus de temps blessé que combattre les antihérosMy hero academia
75%
un enfant qui fait que de crier trouve un bouquin a 5 trèflesBlack clover
73%
se traduit littéralement par javel en françaisBleach
65%
Piano et larmes tout ce que j'ai retenuYour lie in april
63%
Un adulte qui prend un médicament retrouve son apparence d'enfant et résout des meurtresDetective Conan
62%
Le mec a compté les secondes pendant des milliards d'annéesDr stone
59%
Le mec utilise le feu avec ses piedsFire force
57%
Le pp harcèle une fille sourdeA silent voice
52%
Le prodige de la salle blanche manipule toute sa classeClassroom of the elite
49%
Les gays avec des alter ego font une petit tour en EgypteJojo's bizarre adventure
49%
Les gays s'amusent sur une patinoireYuri on ice
46%
Un vendeur de pizza revient dans le passé pour résoudre un crimeErased
43%
Le premier qui dévoile son amour il meurtKaguya sama:love is war
41%
Le nerve gear fais des ravages chez le ppSword art online
35%
Un mec passe de zero a prince de l empire britanniqueCode geass
34%
Tu ne le sais pas encore mais tu es déjà mortKen le survivant
30%
Un mec qui avait un historique a cacher se réincarne et devient empereur d une nationMoi quand je me réincarne en slime
30%
L' égoisme fait des ravages chez les adolescentsBlue lock
29%
Chaque fille de l'équipe sont nommés après l'alphabet grecThe shadow in eminence
20%
un groupe d'amis doivent rembourser une dette d'un voyage scolaireTomodachi game
19%
Des prisonniers font des travaux forcés pour trouver la solution a l immortalitéHell's paradise
14%
Le pp subit une trahison et un changement capillaire dans un labyrithe et mangent des monstres pour devenir plus fortArifureta
12%
Les héros du passé reviennent pour gagner une coupe et éviter la fin du mondeFate
11%

Distribution des résultats

Percentile par nombre de réponses

% des personnes avec chaque résultat

Votre développement - résultats

Vous n’avez pas pris ce quiz